000
00265nam a2200097 a 4500
005
20140414131939.0
008
110125s19uu xx 00 eng d
050
_a
TR 372.4
_b
On2 2004
245
_a
Scholastic 100 words kids need to read by 1st grade.
999
_c
112550
_d
112550